00352 2200145 4500245004400000020002200044250001100066100001600077650002000093005001900113260003700132041001400169084000900183300001400192 aLangkah Sejuta SuluhcMerry RianahText a978-602-03-0198-3 aCet. 1 aMerry Riana aFiksi Indonesia a20240909143637 aJakartabPenerbit Gramediac2014 aIndonesia aNONE a436 hlm :